| 000 | 00507nam a22001577a 4500 | ||
|---|---|---|---|
| 003 | macl | ||
| 005 | 20161227124910.0 | ||
| 008 | 161227b xxu||||| |||| 00| 0 eng d | ||
| 040 |
_aहिन्दी _cmacl |
||
| 082 | _a610 | ||
| 100 |
_aभाटिया ,सुदर्शन _966362 |
||
| 245 | _aआहार द्वारा उपचार | ||
| 260 |
_aदिल्ली _bज्ञानंलोक _c2011 |
||
| 650 |
_aमेडिकल सांइस _9242 |
||
| 942 |
_2ddc _cHIN |
||
| 999 |
_c55665 _d55665 |
||